[Event "DVM U20w 2024"]
[Site "Sebnitz GER"]
[Date "2024.12.28"]
[Round "4"]
[White "Falke, Ornella"]
[Black "Sickmann, Lisa"]
[Result "1-0"]
[Termination "normal"]
[Board "1.1"]
[WhiteTitle "WCM"]
[BlackTitle "WFM"]
[WhiteElo "2019"]
[BlackElo "2251"]
[WhiteTeam "Elmshorner SC 1896"]
[BlackTeam "Lübecker SV 1873"]
[PlyCount "155"]
[WhiteFideId "16207092"]
[BlackFideId "16267818"]
[EventCountry "GER"]
[EventRounds "7"]
[EventType "team-swiss"]
[EventDate "2024.12.26"]

1. d4 d5 2. Nc3 Nf6 3. Bf4 c5 4. e3 e6 5. Nb5 Na6 6. c3 Be7 7. dxc5 Bxc5 8. a4
Qe7 9. Nf3 Ne4 10. Bd3 Bd7 11. b4 Nxc3 12. Nxc3 Bxb4 13. Rc1 Rc8 14. Qd2 Nc5
15. Bc2 Bxa4 16. O-O Bxc2 17. Rxc2 Nd7 18. Qd4 O-O 19. Rfc1 Nb6 20. Nb5 Nc4 21.
e4 Bc5 22. Qd3 a6 23. Nbd4 Qf6 24. exd5 exd5 25. Bg5 Qb6 26. Bh4 g6 27. Nb3 Ba3
28. Rb1 Qd6 29. Bg3 Qe6 30. Nbd4 Qe7 31. Bh4 f6 32. Re2 Qf7 33. Ne6 Rfe8 34.
Qxd5 Ne5 35. Nxe5 Qxe6 36. Qxe6+ Rxe6 37. Ra2 Rc1+ 38. Rxc1 Bxc1 39. Nf3 b5 40.
Kf1 b4 41. Nd4 Rd6 42. Nb3 Bf4 43. Ra4 Rb6 44. Bg3 Bxg3 45. hxg3 h5 46. Ke2 g5
47. Kd3 h4 48. gxh4 gxh4 49. Ra5 Kf7 50. Rh5 Rc6 51. Nc5 a5 52. Kc4 Rc8 53.
Rxh4 b3 54. Rh7+ Kg6 55. Rb7 a4 56. Kd4 Rd8+ 57. Ke3 Re8+ 58. Kf3 Re5 59. Nxa4
Rf5+ 60. Ke3 Re5+ 61. Kd2 Rf5 62. Ke2 Re5+ 63. Kf1 Ra5 64. Nb2 Ra3 65. Ke2 Kf5
66. Kd3 Kg5 67. Kc3 Ra1 68. Rxb3 Rg1 69. g3 f5 70. Rb4 Rf1 71. Nd3 Ra1 72. Kd2
Ra2+ 73. Ke3 Ra3 74. Rd4 Rb3 75. Rd8 Ra3 76. Rg8+ Kf6 77. f4 Ra4 78. Rf8+ 1-0

[Event "DVM U20w 2024"]
[Site "Sebnitz GER"]
[Date "2024.12.28"]
[Round "4"]
[White "Hellenbroich, Helene"]
[Black "Evering, Enna"]
[Result "0-1"]
[Termination "normal"]
[Board "1.2"]
[WhiteElo "1644"]
[BlackElo "1771"]
[WhiteTeam "Lübecker SV 1873"]
[BlackTeam "Elmshorner SC 1896"]
[PlyCount "76"]
[WhiteFideId "16270754"]
[BlackFideId "16218213"]
[EventCountry "GER"]
[EventRounds "7"]
[EventType "team-swiss"]
[EventDate "2024.12.26"]

1. d4 Nf6 2. c4 g6 3. Nc3 d5 4. cxd5 Nxd5 5. e4 Nxc3 6. bxc3 Bg7 7. Bc4 c5 8.
Ne2 O-O 9. Be3 Nc6 10. O-O Bg4 11. f3 Na5 12. Bd3 cxd4 13. cxd4 Be6 14. Qa4 a6
15. Rad1 b5 16. Qc2 Nc4 17. Bf2 Rc8 18. Qb1 Qa5 19. Be1 Qb6 20. Bf2 Qd6 21. d5
Bd7 22. Rfe1 Nb2 23. Rc1 Nxd3 24. Qxd3 Bh6 25. Be3 Bxe3+ 26. Qxe3 Rc4 27. Qb3
Rfc8 28. Rc3 Rxc3 29. Nxc3 Qc5+ 30. Kf1 Qxc3 31. Qxc3 Rxc3 32. Rd1 Rc2 33. a3
Rc3 34. Kf2 Rxa3 35. Rc1 Kf8 36. Rc7 Ke8 37. Ra7 Kd8 38. Ra8+ Bc8 0-1

[Event "DVM U20w 2024"]
[Site "Sebnitz GER"]
[Date "2024.12.28"]
[Round "4"]
[White "Margaryan, Susanna"]
[Black "Rosin, Ida"]
[Result "1-0"]
[Termination "normal"]
[Board "1.3"]
[WhiteElo "1746"]
[BlackElo "1611"]
[WhiteTeam "Elmshorner SC 1896"]
[BlackTeam "Lübecker SV 1873"]
[PlyCount "107"]
[WhiteFideId "16268210"]
[BlackFideId "16273214"]
[EventCountry "GER"]
[EventRounds "7"]
[EventType "team-swiss"]
[EventDate "2024.12.26"]

1. Nf3 c5 2. c4 Nf6 3. Nc3 Nc6 4. d4 cxd4 5. Nxd4 e6 6. e3 Be7 7. Be2 O-O 8.
O-O d5 9. Nxc6 bxc6 10. b3 Bb7 11. Bb2 Rc8 12. Rc1 Qd7 13. cxd5 cxd5 14. a3 a6
15. Qd2 Rfd8 16. Rfd1 Bc5 17. Na4 Ba7 18. Bd3 Rxc1 19. Rxc1 d4 20. Bxd4 Bxd4
21. exd4 Qxd4 22. Rd1 Be4 23. Nb2 Qd5 24. Qc2 Rf8 25. Bxe4 Qxe4 26. Qxe4 Nxe4
27. f3 Nf6 28. Rd6 a5 29. Nc4 Ra8 30. Rc6 g6 31. Rc5 a4 32. Nb6 Rb8 33. Nxa4
Rxb3 34. Rc3 Rxc3 35. Nxc3 Kf8 36. a4 Ke8 37. Kf2 Nd7 38. Ke3 Kd8 39. Ne4 h6
40. Kd4 Kc7 41. Nc5 Nxc5 42. Kxc5 f6 43. a5 f5 44. a6 e5 45. Kd5 g5 46. Kxe5 g4
47. Kxf5 gxf3 48. gxf3 Kb6 49. Kg6 Kxa6 50. f4 Kb7 51. f5 Kc7 52. f6 Kd7 53. f7
Ke7 54. Kg7 1-0

[Event "DVM U20w 2024"]
[Site "Sebnitz GER"]
[Date "2024.12.28"]
[Round "4"]
[White "Gossing, Marie-Sophie"]
[Black "Neitzel, Emma"]
[Result "1/2-1/2"]
[Termination "normal"]
[Board "1.4"]
[WhiteElo "1609"]
[BlackElo "1522"]
[WhiteTeam "Lübecker SV 1873"]
[BlackTeam "Elmshorner SC 1896"]
[PlyCount "117"]
[WhiteFideId "16217284"]
[BlackFideId "16298373"]
[EventCountry "GER"]
[EventRounds "7"]
[EventType "team-swiss"]
[EventDate "2024.12.26"]

1. e4 d5 2. exd5 Qxd5 3. Nc3 Qa5 4. d4 c6 5. Bc4 Nf6 6. Bd2 Bf5 7. Nf3 Qc7 8.
O-O e6 9. Ne2 Bd6 10. Ng3 Bg4 11. Bd3 O-O 12. c4 Nbd7 13. b4 Bxf3 14. Qxf3 Bxg3
15. fxg3 e5 16. dxe5 Nxe5 17. Qf4 Qb6+ 18. c5 Nxd3 19. cxb6 Nxf4 20. gxf4 axb6
21. Rf3 Rfd8 22. Bc3 Nd5 23. Bd4 Nxb4 24. Bxb6 Rxa2 25. Rb1 Rdd2 26. Rxb4 Rxg2+
27. Kf1 Rxh2 28. Rf2 Ra1+ 29. Ke2 Ra2+ 30. Kf3 Rhxf2+ 31. Bxf2 b5 32. Rd4 f6
33. Rd6 Rc2 34. Rd8+ Kf7 35. Rc8 Rc4 36. Rc7+ Kg6 37. Be3 h5 38. Rc8 Kf5 39.
Rh8 g6 40. Rf8 b4 41. Rb8 g5 42. fxg5 fxg5 43. Rf8+ Kg6 44. Rg8+ Kf6 45. Rxg5
Rh4 46. Rc5 Rh3+ 47. Ke4 Rh4+ 48. Kd3 Ke6 49. Rxc6+ Kd5 50. Rc5+ Kd6 51. Rb5
Kc6 52. Rb8 Kd5 53. Rb5+ Kc6 54. Rc5+ Kd6 55. Bd4 b3 56. Rb5 Rh3+ 57. Kc4 Kc6
58. Rb4 Kd6 59. Rxb3 1/2-1/2

[Event "DVM U20w 2024"]
[Site "Sebnitz GER"]
[Date "2024.12.28"]
[Round "4"]
[White "John, Linnea"]
[Black "Pikki, Daria"]
[Result "0-1"]
[Termination "normal"]
[Board "2.1"]
[WhiteElo "1712"]
[BlackElo "1807"]
[WhiteTeam "SV Königsjäger Süd-West 2"]
[BlackTeam "SV Königsjäger Süd-West"]
[PlyCount "120"]
[WhiteFideId "34623680"]
[BlackFideId "16281306"]
[EventCountry "GER"]
[EventRounds "7"]
[EventType "team-swiss"]
[EventDate "2024.12.26"]

1. e4 e5 2. Nf3 Nc6 3. d4 exd4 4. Nxd4 Bc5 5. Nxc6 Qf6 6. Qf3 Qxc6 7. Nc3 Ne7
8. Bd2 O-O 9. O-O-O d6 10. Bg5 Ng6 11. Nd5 Be6 12. Qb3 a6 13. Qg3 Qa4 14. a3
Qxe4 15. Nc3 Qf5 16. f3 Bf2 17. Bd3 Bxg3 18. Bxf5 Bf4+ 19. Bxf4 Nxf4 20. Be4
Rab8 21. g3 f5 22. Bxb7 Rxb7 23. gxf4 Rfb8 24. Rhe1 Kf7 25. b4 Rb6 26. Nd5 Rc6
27. Rd4 Bxd5 28. Rxd5 g6 29. Rd3 Re8 30. Rde3 Rxe3 31. Rxe3 Rc4 32. Kb2 c5 33.
Kb3 Rxf4 34. bxc5 dxc5 35. Rc3 Ke6 36. Rxc5 Rxf3+ 37. Kb2 Rh3 38. Rc6+ Kd5 39.
Rxa6 Rxh2 40. Ra8 Kc6 41. Rb8 Rh4 42. Kb3 f4 43. a4 Rh1 44. Kb2 f3 45. Rf8 Rf1
46. Rf7 f2 47. Rf6+ Kb7 48. a5 g5 49. c4 g4 50. c5 g3 51. Rb6+ Kc7 52. a6 Rb1+
53. Kxb1 f1=Q+ 54. Ka2 Qf2+ 55. Kb1 Qxc5 56. Rb7+ Kc8 57. Rb2 Qf5+ 58. Kc1 Qf1+
59. Kd2 Qf2+ 60. Kc3 Qxb2+ 0-1

[Event "DVM U20w 2024"]
[Site "Sebnitz GER"]
[Date "2024.12.28"]
[Round "4"]
[White "Zhou, Leyi Charlotte"]
[Black "Haase, Maike"]
[Result "0-1"]
[Termination "normal"]
[Board "2.3"]
[WhiteElo "1578"]
[BlackElo "1649"]
[WhiteTeam "SV Königsjäger Süd-West 2"]
[BlackTeam "SV Königsjäger Süd-West"]
[PlyCount "88"]
[WhiteFideId "16258100"]
[BlackFideId "34619356"]
[EventCountry "GER"]
[EventRounds "7"]
[EventType "team-swiss"]
[EventDate "2024.12.26"]

1. e4 c5 2. Nf3 Nc6 3. c4 Nf6 4. Nc3 e5 5. Be2 Be7 6. d3 d6 7. Be3 Be6 8. O-O
O-O 9. Qd2 a6 10. Nd5 Bxd5 11. cxd5 Nd4 12. Nxd4 cxd4 13. Bg5 Nd7 14. Bxe7 Qxe7
15. f4 exf4 16. Qxf4 Qe5 17. Rac1 Rac8 18. Bg4 Qxf4 19. Rxf4 Rxc1+ 20. Rf1
Rxf1+ 21. Kxf1 Nf6 22. Bh3 Re8 23. Ke2 Nxd5 24. g3 Ne3 25. Bd7 Re7 26. Bc8 Rc7
27. Bf5 Nxf5 28. exf5 Rc2+ 29. Kf3 Rxb2 30. a3 d5 31. a4 Ra2 32. Kf4 f6 33. h4
b5 34. g4 h6 35. g5 hxg5+ 36. hxg5 b4 37. Kg4 Kh7 38. Kh5 b3 39. a5 b2 40. gxf6
gxf6 41. Kg4 b1=Q 42. Kf4 Rf2+ 43. Kg4 Qg1+ 44. Kh4 Rh2# 0-1

[Event "DVM U20w 2024"]
[Site "Sebnitz GER"]
[Date "2024.12.28"]
[Round "4"]
[White "Altuve Medina, Victoria Isabella"]
[Black "Richter, Anastasia"]
[Result "1/2-1/2"]
[Termination "normal"]
[Board "2.4"]
[WhiteElo "1554"]
[BlackElo "1717"]
[WhiteTeam "SV Königsjäger Süd-West"]
[BlackTeam "SV Königsjäger Süd-West 2"]
[PlyCount "88"]
[WhiteFideId "3935639"]
[BlackFideId "34659099"]
[EventCountry "GER"]
[EventRounds "7"]
[EventType "team-swiss"]
[EventDate "2024.12.26"]

1. e4 e5 2. Nf3 Nc6 3. Bc4 Nf6 4. d3 Be7 5. c3 d5 6. exd5 Nxd5 7. Nbd2 O-O 8.
O-O Nb6 9. Bb5 f6 10. Ne4 Be6 11. Re1 Qd7 12. Be3 Rfd8 13. Qc2 a6 14. Bxc6 Qxc6
15. Rad1 Nd5 16. Rd2 Nxe3 17. Rxe3 Bf7 18. Ng3 Qe6 19. b3 c5 20. Qd1 Rd7 21. d4
Rad8 22. Ree2 g5 23. dxe5 fxe5 24. Rxd7 Rxd7 25. Rd2 Rxd2 26. Qxd2 h6 27. Qe3
Bd6 28. h3 Bg6 29. Ne4 Bxe4 30. Qxe4 b5 31. c4 bxc4 32. bxc4 Qf6 33. g4 Kg7 34.
Kg2 Qe6 35. h4 Qf6 36. h5 Qe6 37. Ne1 Qf6 38. Nd3 Qe6 39. Kh3 Qf6 40. a3 Qe6
41. f4 gxf4 42. Nxf4 Qf6 43. Ng6 Qf1+ 44. Kh4 Qf2+ 1/2-1/2

[Event "DVM U20w 2024"]
[Site "Sebnitz GER"]
[Date "2024.12.28"]
[Round "4"]
[White "Othman, Beesan"]
[Black "Adelhardt, Lisa"]
[Result "1/2-1/2"]
[Termination "normal"]
[Board "3.1"]
[WhiteElo "1647"]
[BlackElo "1807"]
[WhiteTeam "SF Essen-Werden 1924/80"]
[BlackTeam "SC Garching 1980"]
[PlyCount "55"]
[WhiteFideId "34640738"]
[BlackFideId "16235380"]
[EventCountry "GER"]
[EventRounds "7"]
[EventType "team-swiss"]
[EventDate "2024.12.26"]

1. e4 e5 2. Nf3 Nc6 3. Bb5 a6 4. Ba4 Bc5 5. c3 b5 6. Bc2 Bb6 7. O-O Nf6 8. d4
d6 9. dxe5 Nxe5 10. Nxe5 dxe5 11. Qxd8+ Kxd8 12. Bg5 Ke7 13. Nd2 h6 14. Bh4 g5
15. Bg3 Nd7 16. Rfe1 f6 17. Nf1 Nf8 18. Ne3 Bxe3 19. Rxe3 Ng6 20. Bb3 c6 21.
Rd3 Ra7 22. f3 Nf4 23. Rd2 Rd7 24. Rad1 Rhd8 25. Rxd7+ Rxd7 26. Rxd7+ Bxd7 27.
Bxf4 exf4 28. Kf2 1/2-1/2

[Event "DVM U20w 2024"]
[Site "Sebnitz GER"]
[Date "2024.12.28"]
[Round "4"]
[White "Alferova, Emily"]
[Black "Kanno, Clara Yumi"]
[Result "1-0"]
[Termination "normal"]
[Board "3.2"]
[WhiteElo "1739"]
[BlackElo "1689"]
[WhiteTeam "SC Garching 1980"]
[BlackTeam "SF Essen-Werden 1924/80"]
[PlyCount "119"]
[WhiteFideId "16265904"]
[BlackFideId "16259661"]
[EventCountry "GER"]
[EventRounds "7"]
[EventType "team-swiss"]
[EventDate "2024.12.26"]

1. d4 d5 2. Nf3 Nf6 3. e3 Bf5 4. Bd3 Bxd3 5. Qxd3 c6 6. b3 e6 7. Nbd2 Nbd7 8.
Bb2 Bd6 9. O-O O-O 10. c4 Re8 11. Rfd1 Qc7 12. e4 dxe4 13. Nxe4 Nxe4 14. Qxe4
Nf6 15. Qc2 h6 16. d5 e5 17. c5 Nxd5 18. cxd6 Qxd6 19. Qf5 f6 20. Nh4 e4 21.
Qg6 Qf4 22. Nf5 Qg5 23. Qxg5 hxg5 24. Ne3 Nf4 25. Rd7 Nd3 26. Ba3 b6 27. Nf5
Re5 28. Ne7+ Kh7 29. Nxc6 Rf5 30. f3 Ne5 31. Nxe5 Rxe5 32. Bb2 Re6 33. fxe4 Kg6
34. e5 fxe5 35. Rc1 e4 36. Rxg7+ Kh6 37. Rcc7 Rd8 38. Rh7+ Kg6 39. Rhg7+ Kh5
40. Rh7+ Kg4 41. Rhd7 Rxd7 42. Rxd7 e3 43. Kf1 Rc6 44. Rd4+ Kh5 45. Rc4 Rd6 46.
Rc2 Rd1+ 47. Ke2 Rh1 48. Be5 Kg4 49. Kxe3 Re1+ 50. Re2 Rc1 51. Ke4 Rc5 52. Rf2
Kh5 53. Kf5 Rc1 54. g4+ Kh6 55. Rf3 Kh7 56. Kxg5 Rc5 57. Kf6 b5 58. Kf7 Rxe5
59. Rh3+ Rh5 60. Rxh5# 1-0

[Event "DVM U20w 2024"]
[Site "Sebnitz GER"]
[Date "2024.12.28"]
[Round "4"]
[White "Claussen, Daniela"]
[Black "Frowein, Jamie"]
[Result "1-0"]
[Termination "normal"]
[Board "3.3"]
[WhiteElo "1470"]
[BlackElo "1739"]
[WhiteTeam "SF Essen-Werden 1924/80"]
[BlackTeam "SC Garching 1980"]
[PlyCount "81"]
[WhiteFideId "16248929"]
[BlackFideId "16282949"]
[EventCountry "GER"]
[EventRounds "7"]
[EventType "team-swiss"]
[EventDate "2024.12.26"]

1. b3 c5 2. e3 d5 3. Bb2 Nf6 4. f4 Nc6 5. Bb5 Bd7 6. Nf3 e6 7. O-O Be7 8. d3
O-O 9. Nbd2 a6 10. Bxc6 Bxc6 11. Ne5 Qc7 12. Ndf3 b5 13. Nxc6 Qxc6 14. Ne5 Qb6
15. g4 Ra7 16. Rf3 d4 17. g5 Nd5 18. Rh3 g6 19. Qe1 Nxe3 20. Qf2 Nf5 21. Ng4 e5
22. Bc1 Qe6 23. fxe5 Ng7 24. Qf3 Kh8 25. Bd2 Qf5 26. Rf1 Qxf3 27. Rhxf3 Bd8 28.
Nh6 Ne6 29. Nxf7+ Kg7 30. Nxd8 Rxd8 31. Ba5 Re8 32. h4 h6 33. gxh6+ Kxh6 34.
Kg2 Kh5 35. Kg3 Rg7 36. Rf6 Ree7 37. Bd2 Rh7 38. Kh3 Ng7 39. Bf4 Nf5 40. Rg1
Reg7 41. Rg5+ 1-0

[Event "DVM U20w 2024"]
[Site "Sebnitz GER"]
[Date "2024.12.28"]
[Round "4"]
[White "Stelter, Finja"]
[Black "Klahold, Rona"]
[Result "1/2-1/2"]
[Termination "normal"]
[Board "4.1"]
[WhiteElo "1711"]
[BlackElo "1791"]
[WhiteTeam "SK Lehrte von 1919 e. V."]
[BlackTeam "SC Porta Westfalica 1950"]
[PlyCount "87"]
[WhiteFideId "16298624"]
[BlackFideId "16222970"]
[EventCountry "GER"]
[EventRounds "7"]
[EventType "team-swiss"]
[EventDate "2024.12.26"]

1. e4 e5 2. Nf3 Nc6 3. d4 exd4 4. Nxd4 Bc5 5. Be3 Qf6 6. c3 d6 7. f3 Nge7 8.
Bb5 O-O 9. Qd2 h6 10. b4 Bb6 11. a4 a6 12. Be2 d5 13. O-O Rd8 14. Na3 Ne5 15.
f4 Ng4 16. e5 Qh4 17. Bxg4 Qxg4 18. Rf3 Bd7 19. Rg3 Qh5 20. Nac2 Bxd4 21. Nxd4
Nf5 22. Nxf5 Bxf5 23. Qd4 Bg6 24. Rf1 Qf5 25. Rd1 a5 26. b5 b6 27. Qd2 Qe4 28.
Bd4 Kh7 29. Re1 Qf5 30. Qe2 Re8 31. Qf3 Rad8 32. Qg4 Qxg4 33. Rxg4 Bf5 34. Rg3
Re6 35. Rf1 g6 36. h3 Bc2 37. Ra1 Kg8 38. Rf3 Be4 39. Rf2 Rde8 40. g4 f5 41.
Kh2 Kf7 42. Rg1 R6e7 43. g5 h5 44. h4 1/2-1/2

[Event "DVM U20w 2024"]
[Site "Sebnitz GER"]
[Date "2024.12.28"]
[Round "4"]
[White "Duchstein, Anna"]
[Black "Zöllner, Bente"]
[Result "1/2-1/2"]
[Termination "normal"]
[Board "4.2"]
[WhiteElo "1716"]
[BlackElo "1805"]
[WhiteTeam "SC Porta Westfalica 1950"]
[BlackTeam "SK Lehrte von 1919 e. V."]
[PlyCount "139"]
[WhiteFideId "16261372"]
[BlackFideId "16230523"]
[EventCountry "GER"]
[EventRounds "7"]
[EventType "team-swiss"]
[EventDate "2024.12.26"]

1. d4 Nf6 2. Bf4 d6 3. Nc3 Nbd7 4. Nf3 g6 5. Qd2 Bg7 6. e4 c5 7. d5 O-O 8. Bh6
a6 9. a4 Qa5 10. Bxg7 Kxg7 11. Ra2 Nb6 12. h3 Qb4 13. Qe3 Bd7 14. Bd3 Nxa4 15.
O-O Nxc3 16. bxc3 Qxc3 17. Rfa1 Qb4 18. c4 Qb6 19. Rb1 Qc7 20. Rab2 Rfb8 21. e5
dxe5 22. Qxe5 Qxe5 23. Nxe5 Be8 24. Rxb7 Rxb7 25. Rxb7 Kf8 26. Bb1 a5 27. f3 a4
28. Ba2 Rd8 29. Nc6 Bxc6 30. dxc6 Rc8 31. c7 Ke8 32. Ra7 Kd7 33. Bb1 Rxc7 34.
Rxa4 Kd6 35. Ra2 Rb7 36. Rd2+ Ke5 37. Bd3 Rd7 38. Kf2 Rd4 39. g3 Nd7 40. Ke3 f5
41. f4+ Kd6 42. g4 e5 43. fxe5+ Kxe5 44. gxf5 gxf5 45. Rf2 f4+ 46. Ke2 Nf6 47.
Rf3 Ne4 48. h4 h6 49. Ke1 Nd6 50. Be2 Nxc4 51. Rc3 Kd5 52. Bf3+ Kd6 53. Rb3 Ke6
54. Rb5 Ne5 55. Bb7 c4 56. Bc8+ Nd7 57. Rh5 Kd6 58. Rxh6+ Kc7 59. Bxd7 Kxd7 60.
Rh5 Kc6 61. Rh6+ Rd6 62. Rh8 Kc5 63. h5 c3 64. h6 c2 65. Rc8+ Kd4 66. Rxc2 Rxh6
67. Re2 Kd3 68. Re8 Rh2 69. Kf1 Rh3 70. Kf2 1/2-1/2

[Event "DVM U20w 2024"]
[Site "Sebnitz GER"]
[Date "2024.12.28"]
[Round "4"]
[White "Baklan, Kira"]
[Black "Dieckmann, Luna"]
[Result "0-1"]
[Termination "normal"]
[Board "4.3"]
[WhiteElo "1623"]
[BlackElo "1584"]
[WhiteTeam "SK Lehrte von 1919 e. V."]
[BlackTeam "SC Porta Westfalica 1950"]
[PlyCount "112"]
[WhiteFideId "34186514"]
[BlackFideId "34607455"]
[EventCountry "GER"]
[EventRounds "7"]
[EventType "team-swiss"]
[EventDate "2024.12.26"]

1. e4 c5 2. c3 d5 3. exd5 Qxd5 4. d4 Nc6 5. Nf3 Bf5 6. a3 a5 7. Be3 cxd4 8.
cxd4 Nf6 9. Nc3 Qd7 10. Bb5 e6 11. Ne5 Qc7 12. Qa4 Rc8 13. Rc1 Bd6 14. Nxc6
bxc6 15. Ne2 O-O 16. Rxc6 Qd8 17. Rxc8 Qxc8 18. O-O Qa8 19. Ng3 Bg6 20. Bc6 Qa6
21. Qb5 Qxb5 22. Bxb5 Rb8 23. a4 Nd5 24. Bd2 Nc7 25. Bxa5 Nxb5 26. axb5 Rxb5
27. Bc3 h6 28. Re1 Rb3 29. Ra1 Rb8 30. f3 Bb4 31. Rc1 Bd6 32. Ne4 Bf4 33. Re1
f5 34. Nc5 Bf7 35. Nxe6 Bd6 36. Nc5 Rc8 37. Nd3 Bc4 38. Ne5 Bd5 39. Ra1 Rd8 40.
Ra7 Be6 41. Nc6 Re8 42. Ne5 Bd5 43. Rd7 Re6 44. Rd8+ Kh7 45. Nf7 Bxh2+ 46. Kxh2
Bc4 47. Rh8+ Kg6 48. Ne5+ Kh5 49. Nxc4 g5 50. Ne5 g4 51. fxg4+ fxg4 52. Rg8 Rf6
53. b4 Rf1 54. b5 Rb1 55. Rb8 Kh4 56. b6 g3# 0-1

[Event "DVM U20w 2024"]
[Site "Sebnitz GER"]
[Date "2024.12.28"]
[Round "4"]
[White "Dieckmann, Phibie"]
[Black "Thiele, Lea-Marie"]
[Result "0-1"]
[Termination "normal"]
[Board "4.4"]
[WhiteElo "1068"]
[BlackElo "1654"]
[WhiteTeam "SC Porta Westfalica 1950"]
[BlackTeam "SK Lehrte von 1919 e. V."]
[PlyCount "34"]
[WhiteFideId "34607161"]
[BlackFideId "16298616"]
[EventCountry "GER"]
[EventRounds "7"]
[EventType "team-swiss"]
[EventDate "2024.12.26"]

1. d4 e6 2. Nf3 d5 3. e3 Bd6 4. Bd3 c6 5. O-O Nd7 6. b3 Ngf6 7. Bb2 Qc7 8. Nbd2
Ng4 9. g3 h5 10. c4 b6 11. Rc1 h4 12. Nxh4 Nxh2 13. Re1 Bxg3 14. fxg3 Qxg3+ 15.
Ng2 Ng4 16. Qf3 Rh1+ 17. Kxh1 Qh2# 0-1

[Event "DVM U20w 2024"]
[Site "Sebnitz GER"]
[Date "2024.12.28"]
[Round "4"]
[White "Chennupati, Lasya"]
[Black "Mai, Mariella"]
[Result "0-1"]
[Termination "normal"]
[Board "5.1"]
[WhiteElo "1596"]
[BlackElo "1783"]
[WhiteTeam "SC Garching 1980 2"]
[BlackTeam "SC Leipzig-Lindenau"]
[PlyCount "72"]
[WhiteFideId "34646728"]
[BlackFideId "16281780"]
[EventCountry "GER"]
[EventRounds "7"]
[EventType "team-swiss"]
[EventDate "2024.12.26"]

1. e4 c6 2. d4 d5 3. exd5 cxd5 4. Bd3 Nc6 5. c3 Nf6 6. Nf3 Bg4 7. h3 Bh5 8. Bf4
Qb6 9. b3 e6 10. Nbd2 Rc8 11. O-O Ba3 12. Rb1 Be7 13. b4 a6 14. Nb3 Ne4 15. Rc1
Bd6 16. Bxd6 Nxd6 17. Nc5 Bg6 18. Be2 h6 19. a4 Qc7 20. a5 O-O 21. Nd2 Ne4 22.
Na4 Na7 23. Nb3 Qc6 24. Nb6 Rc7 25. c4 dxc4 26. Bxc4 Qd6 27. Nc5 Nc6 28. Qe1
Nxc5 29. dxc5 Qd4 30. Na4 Ne5 31. Qd1 Rd7 32. Nb6 Rdd8 33. Qb3 Bd3 34. Rfd1
Nxc4 35. Nxc4 Bxc4 36. Qxc4 Qxc4 0-1

[Event "DVM U20w 2024"]
[Site "Sebnitz GER"]
[Date "2024.12.28"]
[Round "4"]
[White "Niesch, Sarah"]
[Black "Hofmeier, Viktoria"]
[Result "0-1"]
[Termination "normal"]
[Board "5.2"]
[WhiteElo "1406"]
[BlackElo "1587"]
[WhiteTeam "SC Leipzig-Lindenau"]
[BlackTeam "SC Garching 1980 2"]
[PlyCount "62"]
[WhiteFideId "16211294"]
[BlackFideId "34639675"]
[EventCountry "GER"]
[EventRounds "7"]
[EventType "team-swiss"]
[EventDate "2024.12.26"]

1. d4 d5 2. Nf3 Nf6 3. b3 c5 4. e3 Nc6 5. Bb2 e6 6. Nbd2 Be7 7. a3 a6 8. c4 O-O
9. h4 dxc4 10. Nxc4 b5 11. Nce5 Bb7 12. h5 Qd5 13. h6 g6 14. Rc1 cxd4 15. Nxc6
Bxc6 16. Nxd4 Bb7 17. Rg1 Rac8 18. g3 Rxc1 19. Bxc1 Qg5 20. e4 Qe5 21. f3 Rd8
22. Qc2 Qxd4 23. Rg2 Rc8 24. Qb1 Qc3+ 25. Bd2 Qxf3 26. Rf2 Qxe4+ 27. Qxe4 Nxe4
28. Rh2 Nxd2 29. Kxd2 Bxa3 30. g4 Be7 31. Kd3 Bd5 0-1

[Event "DVM U20w 2024"]
[Site "Sebnitz GER"]
[Date "2024.12.28"]
[Round "4"]
[White "Muhina, Liana"]
[Black "Ivanov, Helena"]
[Result "1/2-1/2"]
[Termination "normal"]
[Board "5.3"]
[WhiteElo "1526"]
[BlackElo "1089"]
[WhiteTeam "SC Garching 1980 2"]
[BlackTeam "SC Leipzig-Lindenau"]
[PlyCount "40"]
[WhiteFideId "16266145"]
[BlackFideId "34693378"]
[EventCountry "GER"]
[EventRounds "7"]
[EventType "team-swiss"]
[EventDate "2024.12.26"]

1. e4 e5 2. Nf3 Nc6 3. d4 exd4 4. Nxd4 Bc5 5. Nxc6 Qf6 6. Qf3 Qxf3 7. gxf3 dxc6
8. Nc3 Bb4 9. Bd2 Nf6 10. Rg1 g6 11. O-O-O Be6 12. Be2 O-O 13. f4 Bxc3 14. Bxc3
Nxe4 15. Bd4 Rfd8 16. Bf3 Bf5 17. Rge1 Re8 18. Bxe4 Rxe4 19. Rxe4 Bxe4 20. Be5
Rc8 1/2-1/2

[Event "DVM U20w 2024"]
[Site "Sebnitz GER"]
[Date "2024.12.28"]
[Round "4"]
[White "Rotzsch, Aaliyah"]
[Black "Anaparthi, Aditi"]
[Result "0-1"]
[Termination "normal"]
[Board "5.4"]
[WhiteElo "822"]
[BlackElo "1483"]
[WhiteTeam "SC Leipzig-Lindenau"]
[BlackTeam "SC Garching 1980 2"]
[PlyCount "70"]
[BlackFideId "34620389"]
[EventCountry "GER"]
[EventRounds "7"]
[EventType "team-swiss"]
[EventDate "2024.12.26"]

1. d3 d5 2. Nf3 Nf6 3. Nc3 Nc6 4. Bf4 e6 5. Bg5 Bb4 6. Qd2 d4 7. e4 dxc3 8.
bxc3 Be7 9. Be2 e5 10. O-O O-O 11. Be3 Be6 12. h3 Qd6 13. Qc1 Nd7 14. Qb2 Nc5
15. d4 exd4 16. cxd4 Nxe4 17. Rad1 Qb4 18. Qc1 Nc3 19. Rde1 Nxe2+ 20. Rxe2 Bf6
21. Qd1 Bc4 22. Ree1 Bxf1 23. Rxf1 Rad8 24. d5 Ne5 25. Qe2 Rxd5 26. Kh1 Nxf3
27. Qxf3 Rd6 28. g3 Be5 29. Qg4 Qb5 30. Kg1 Rg6 31. Qf3 f5 32. Kh1 Qxf1+ 33.
Kh2 f4 34. Bxf4 Bxf4 35. gxf4 Qg1# 0-1